Rulers of India Viscount Harding (Record no. 553119)
[ view plain ]
| 000 -LEADER | |
|---|---|
| fixed length control field | 00466nam a2200169 a 4500 |
| 020 ## - INTERNATIONAL STANDARD BOOK NUMBER | |
| International Standard Book Number | (hb) |
| 082 ## - DEWEY DECIMAL CLASSIFICATION NUMBER | |
| Classification number | 954.031 |
| Author Mark | HAR |
| 100 1# - MAIN ENTRY--PERSONAL NAME | |
| Personal name | Hardinge, Charles Viscount |
| 9 (RLIN) | 50340 |
| 245 1# - TITLE STATEMENT | |
| Title | Rulers of India Viscount Harding |
| 260 ## - PUBLICATION, DISTRIBUTION, ETC. | |
| Place of publication, distribution, etc. | Oxford : |
| Name of publisher, distributor, etc. | Clarendon Press, |
| Date of publication, distribution, etc. | 1892. |
| 300 ## - PHYSICAL DESCRIPTION | |
| Extent | 196p. |
| 526 ## - STUDY PROGRAM INFORMATION NOTE | |
| Program name | 0 |
| Interest level | 0 |
| Reading level | 0 |
| Title point value | 954_031000000000000_HAR |
| 526 ## - STUDY PROGRAM INFORMATION NOTE | |
| Program name | 0 |
| Interest level | 0 |
| Reading level | 0 |
| Title point value | 954_031000000000000_HAR |
| 650 #0 - SUBJECT ADDED ENTRY--TOPICAL TERM | |
| Topical term or geographic name entry element | India -- History. |
| 9 (RLIN) | 6814 |
| 650 #0 - SUBJECT ADDED ENTRY--TOPICAL TERM | |
| Topical term or geographic name entry element | MCE |
| 9 (RLIN) | 379 |
| 942 ## - ADDED ENTRY ELEMENTS (KOHA) | |
| Source of classification or shelving scheme | |
| Koha item type | Book |
| Withdrawn status | Lost status | Source of classification or shelving scheme | Damaged status | Not for loan | Permanent Location | Current Location | Shelving location | Date acquired | Total Checkouts | Full call number | Barcode | Date last seen | Price effective from | Koha item type |
|---|---|---|---|---|---|---|---|---|---|---|---|---|---|---|
| Military College of Engineering (MCE) | Military College of Engineering (MCE) | 01/29/2015 | 954.031 HAR | MCE-ECR .30 | 01/29/2015 | 01/29/2015 | Book | |||||||
| Military College of Engineering (MCE) | Military College of Engineering (MCE) | 02/02/2015 | 954.031 HAR | MCE-ECR.17 | 02/02/2015 | 02/02/2015 | Book |
